Tatra : nákladní a užitková vozidla, autobusy a trolejbusy /

Hlavní autor: Šuman-Hreblay, Marián, 1950-
Jazyk: Čeština
Vydáno: Brno : Computer Press, 2010
Vydání: Vyd. 1.
Edice: Autosalon (Computer Press)
Témata:
Externí odkaz: Digitalizovaný dokument
Fyzický popis: 200 s. : il. (některé barev.), portréty ; 25 cm
Knihy
Uloženo v:
LEADER 02110nam a2200553 a 4500
001 nkc20092024192
003 CZ PrNK
005 20100505075936.0
007 ta
008 100402s2010 xr ac e 001 0 cze
015 |a cnb002024192 
020 |a 978-80-251-2456-7  |q (váz.) 
035 |a (OCoLC)614274600 
040 |a ABA001  |b cze 
043 |a e-xr--- 
045 |a x-y- 
072 7 |a 629  |x Dopravní prostředky  |2 Konspekt  |9 19 
080 |a 629.331  |2 MRF 
080 |a 629.35  |2 MRF 
080 |a 629.341  |2 MRF 
080 |a (437.3)  |2 MRF 
080 |a (048.8)  |2 MRF 
100 1 |a Šuman-Hreblay, Marián,  |d 1950-  |7 mzk2006320178  |4 aut 
245 1 0 |a Tatra :  |b nákladní a užitková vozidla, autobusy a trolejbusy /  |c Marián Šuman-Hreblay 
246 3 0 |a Nákladní a užitková vozidla, autobusy a trolejbusy Tatra 
250 |a Vyd. 1. 
260 |a Brno :  |b Computer Press,  |c 2010 
300 |a 200 s. :  |b il. (některé barev.), portréty ;  |c 25 cm 
490 1 |a Autosalon 
504 |a Obsahuje bibliografii a rejstřík 
648 7 |a 20.-21. století  |7 ch462155  |2 czenas 
650 0 7 |a Tatra (automobily)  |7 ph117148  |2 czenas 
650 0 7 |a nákladní automobily  |7 ph115494  |z Česko  |y 20.-21. století  |2 czenas 
650 0 7 |a Tatra (autobusy)  |7 ph482820  |2 czenas 
650 0 7 |a autobusy  |7 ph118687  |z Česko  |y 20. století  |2 czenas 
650 0 9 |a Tatra automobile  |2 eczenas 
650 0 9 |a trucks  |z Czechia  |y 20th-21st centuries  |2 eczenas 
650 0 9 |a Tatra (buses)  |2 eczenas 
650 0 9 |a buses  |z Czechia  |y 20th century  |2 eczenas 
655 7 |a přehledy  |7 fd133202  |2 czenas 
655 9 |a surveys  |2 eczenas 
830 0 |a Autosalon (Computer Press)  |0 s 
856 4 1 |u http://www.digitalniknihovna.cz/mzk/uuid/uuid:61dfea70-43df-11e4-aded-005056827e51  |y Digitalizovaný dokument  |x NDK 
910 2 |a BOA001  |b 2-1240.683 
990 |a BK 
995 |a 01 
991 |b 201005  |c NOV  |j 629.33 ŠUM 
996 6 |b 2610432111  |c 2-1240.683  |l MZK  |r Sklad / do 1 hodiny  |n 1  |p p.v.  |w 001118027  |u 000010  |a 1  |e BOA001  |j MZK50  |s P 
996 7 |b 2610432112  |c 2-1240.683  |l MZK  |r Sklad / do 1 hodiny  |n 9  |p p.v.  |w 001118027  |u 000020  |a 1  |e BOA001  |j MZK50  |s A